000 00307nam a2200133Ia 4500
100 _aKulkarni/ A.M.
942 _cBK
654 _aEngineering Mathematics
245 _aEngineering Mathematics
260 _bCentral Techno Publication
_aNagpur
_c1999
082 _a519
300 _a588
546 _aENGLISH
999 _c21624
_d21624